| 000 | 00723nam a2200193 i 4500 | ||
|---|---|---|---|
| 001 | 150880 | ||
| 003 | ES-MaACL | ||
| 005 | 20230906203737.0 | ||
| 007 | t| | ||
| 008 | 071116s1877 sp ||||1| spa d | ||
| 080 | _a378.4(460.27 M.).096:630 | ||
| 110 | 2 |
_aEscuela Especial de Ingenieros de Montes (Madrid) _93567 |
|
| 245 | 1 | 0 |
_aConvocatoria y programas para los exámenes de ingreso / _cEscuela Especial de Ingenieros de Montes. |
| 260 |
_aMadrid : _b[s.n.], _c1877. |
||
| 300 |
_a14 p. ; _c23 cm. |
||
| 610 | 2 | 4 |
_aEscuela Especial de Ingenieros de Montes (Madrid)- _vProgramas de estudio. _9143795 |
| 650 | 4 |
_aIngenieros de montes- _zEspaña. _9142745 |
|
| 852 |
_aES-MaACL _jG-9533(1) _z- Encuadernado con otras obras |
||
| 999 |
_c150880 _d150880 |
||